LEADER 01705oam 2200457M 450 001 9910716341903321 005 20200213070614.9 035 $a(CKB)5470000002520717 035 $a(OCoLC)1065978838 035 $a(OCoLC)995470000002520717 035 $a(EXLCZ)995470000002520717 100 $a20071213d1925 ua 0 101 0 $aeng 135 $aurcn||||||||| 181 $ctxt$2rdacontent 182 $cc$2rdamedia 183 $acr$2rdacarrier 200 10$aFor the relief of Commander Charles James Anderson. December 19, 1925. -- Committed to the Committee of the Whole House and ordered to be printed 210 1$a[Washington, D.C.] :$c[U.S. Government Printing Office],$d1925. 215 $a1 online resource (6 pages) 225 1 $aHouse report / 69th Congress, 1st session. House ;$vno. 23 225 1 $a[United States congressional serial set ] ;$v[serial no. 8531] 300 $aBatch processed record: Metadata reviewed, not verified. Some fields updated by batch processes. 300 $aFDLP item number not assigned. 606 $aClaims 606 $aDisabled veterans 606 $aNavies$xOfficers 608 $aLegislative materials.$2lcgft 615 0$aClaims. 615 0$aDisabled veterans. 615 0$aNavies$xOfficers. 701 $aButler$b Thomas S$g(Thomas Stalker),$f1855-1928$pRepublican (PA)$01386842 801 0$bWYU 801 1$bWYU 801 2$bOCLCO 801 2$bOCLCQ 801 2$bOCLCO 906 $aBOOK 912 $a9910716341903321 996 $aFor the relief of Commander Charles James Anderson. December 19, 1925. -- Committed to the Committee of the Whole House and ordered to be printed$93514401 997 $aUNINA LEADER 01832nam 2200433 a 450 001 9910699034203321 005 20100226095000.0 035 $a(CKB)5470000002399546 035 $a(OCoLC)529841098 035 $a(OCoLC)995470000002399546 035 $a(EXLCZ)995470000002399546 100 $a20100226d2005 ua 0 101 0 $aeng 135 $aurmn||||||||| 181 $ctxt$2rdacontent 182 $cc$2rdamedia 183 $acr$2rdacarrier 200 10$aEconomic analysis of protection of essential fish habitat in Alaskan fisheries$b[electronic resource] $ean analysis of research needs /$fby D.S. Holland 210 1$aSeattle, Wash. :$cU.S. Dept. of Commerce, National Oceanic and Atmospheric Administration, National Marine Fisheries Service, Alaska Fisheries Science Center,$d[2005] 215 $a1 online resource (v, 39 pages) 225 1 $aNOAA technical memorandum NMFS-AFSC ;$v154 300 $aTitle from title screen (viewed on Feb. 25, 2010). 300 $a"August 2005." 320 $aIncludes bibliographical references. 517 $aEconomic analysis of protection of essential fish habitat in Alaskan fisheries 606 $aFishes$xHabitat$xConservation$xEconomic aspects$zAlaska 606 $aFishery management$xEconomic aspects$zAlaska 606 $aFish habitat improvement$xEconomic aspects$zAlaska 615 0$aFishes$xHabitat$xConservation$xEconomic aspects 615 0$aFishery management$xEconomic aspects 615 0$aFish habitat improvement$xEconomic aspects 700 $aHolland$b Daniel S$0261066 712 02$aAlaska Fisheries Science Center (U.S.) 801 0$bGPO 801 1$bGPO 906 $aBOOK 912 $a9910699034203321 996 $aEconomic analysis of protection of essential fish habitat in Alaskan fisheries$93468085 997 $aUNINA